00810nam a2200217Ii 45000010005000000030009000050080041000140400033000550410008000880820018000961000028001142450097001422640055002393000012002943360026003063370028003323380027003609400050003879990017004379520138004549041CO-ViMGA241108s9999||||xx |||||||||||||| ||und|| aCO-ViMGAbspaerdacCO-ViMGA0 aspa04aA860.95 M87mo1 aGioconda Marún94737510aEl modernismo argentino incógnito en la andina del plata y revista literaria (1875 - 1880) 1aBogotá, Colombia : Instituto Caro y Cuervo, 1993 avolumen atextbtxt2rdacontent aunmediatedbn2rdamedia avolumebnc2rdacarrier aidficha_siabuc: 8840. -- ficha_no_siabuc:9041 c41959d41959 001040708001aMEVIGERRbMEVIGERRcGENd2006-11-27oA860.95 M87mopECA9473r2024-11-26 09:05:57tEj.1w2024-11-26yBKz8840 | 12317